000 00503nam a2200205Ia 4500
005 20250122055036.0
008 240331s9999 xx 000 0 und d
020 _a041590059X
082 _bNIC
_21143
_a305.4
245 0 _aFeminism/Postmodernism
260 _aLondon
_aNew York
_bRoutledge
_c1990
300 _aix, 348 p.,
650 _aFeminist Theory
650 _aPhilosophy
650 _aPolitics
650 _aWomen
650 _aPostmodernism
700 _aNicholson, L. J
_eedt
942 _cL
999 _c1592
_d1592